Obálka Náhled e-knihy:
PDF Epub
Pro půjčování e-knih musíte být přihlášeni.
Jak si půjčit online?

Evžen Oněgin /

Román ve verších o znuděném mladíkovi z vyšší společnosti se řadí k základním dílům světové literatury.

Uloženo v:
Hlavní autor: Puškin, Aleksandr Sergejevič, 1799-1837 (Autor)
Další autoři: Dvořák, Milan, 1949- (Autor)
Médium: E-kniha
Jazyk:Czech
Vydáno: Praha : Dobrovský s.r.o., 2022
Edice:1400
Témata:
Tagy:
Žádné tagy
LEADER 02893nam a2200469 i 4500
001 312672
003 CZ PrSKC
005 20260601215726.0
007 ta
008 220414s2022 xr g 000 p cze
015 |a cnb003396335 
020 |a 9788027704798  |q (vázáno) 
035 |a (OCoLC)1329409127 
040 |a ABG001  |b cze  |e rda 
041 1 |a cze  |h rus 
072 7 |a 821.161.1  |x Ruská literatura, rusky psaná  |2 Konspekt 
080 |a 821.161.1-31  |2 MRF 
080 |a 821.161.1-1  |2 MRF 
080 |a (0:82-31)  |2 MRF 
080 |a (0:82-1)  |2 MRF 
100 1 |a Puškin, Aleksandr Sergejevič,  |d 1799-1837  |7 jn19990210513  |4 aut 
240 1 0 |a Jevgenij Onegin.  |l Česky  |7 aun2008460419 
245 1 0 |a Evžen Oněgin /  |c Alexandr Sergejevič Puškin ; z ruského originálu Jevgenij Onegin přeložil Milan Dvořák 
264 1 |a Praha :  |b Dobrovský s.r.o.,  |c 2022 
300 |a 230 stran ;  |c 21 cm 
336 |a text  |b txt  |2 rdacontent 
337 |a bez média  |b n  |2 rdamedia 
338 |a svazek  |b nc  |2 rdacarrier 
490 1 |a 1400 
520 2 |a Román ve verších o znuděném mladíkovi z vyšší společnosti se řadí k základním dílům světové literatury.  |b Evžen Oněgin, přesycený společenským životem v Petrohradě, odjíždí na venkov, kde zdědil po svém strýci statek. Společnost mu dělá jeho věrný přítel, básník Lenský, ale splín Oněgina neopouští ani zde. Díky Lenskému se seznámí s Taťánou a ta je Oněginem okouzlena natolik, že se mu ze své lásky zoufale vyzná v dopise. Oněgin jí však neodpoví a její city odmítá... Poté, co v souboji svého přítele Lenského zabije, vydá se na bezcílnou cestu po světě, ale nenalézá ve svém životě smysl. Když si nakonec uvědomí svou chybu a vrátí se do Petrohradu, už je pro něho a Taťánu pozdě... Puškinovo vrcholné dílo je příběhem plným emocí a zvratů. Jeho hrdina bývá označován za tzv. "zbytečného člověka" a Puškin v tomto románu, napsaném originální formou (tzv. puškinovským veršem), mistrovsky zobrazuje zmarnění lidského života. Nakladatelská anotace. Kráceno. 
653 0 |a romány ve verších 
655 7 |a ruské romány  |7 fd133320  |2 czenas 
655 7 |a ruská poezie  |7 fd133315  |2 czenas 
655 9 |a Russian fiction  |2 eczenas 
655 9 |a Russian poetry  |2 eczenas 
700 1 |a Dvořák, Milan,  |d 1949-  |7 jn19981000864  |4 trl 
830 0 |a 1400 
900 |a ABA001  |b 20 
044 |a xr 
910 |a RBIT002 
998 |d 417773  |a https://core.palmknihy.cz/api/books/417773/cover?ssyk2k  |b https://core.palmknihy.cz/api/books/417773/cover/400?ssyk2k  |c https://core.palmknihy.cz/api/books/417773/cover/50?ssyk2k  |e   |g 240  |i 9788027704798  |j https://core.palmknihy.cz/api/books/417773/preview.epub  |k https://core.palmknihy.cz/api/books/417773/preview.pdf  |l   |q 49  |r 1  |s https://www.palmknihy.cz/kniha/417773  |t ebook  |y 2022  |z 0 
999 |d 312670